01318naa a22003257a 4500001001000000003000900010005001700019007000300036008003400039040005400073041000900127072002500136090001800161100001500179111008300194245010300277260004200380500011600422650002000538650002900558650001200587650002600599650002400625650001000649773011500659909003600774942001400810999001900824952014900843BR7405637BR-BrBNA20240918173641.0ta230509b bl.||||| |||| 00| 0 por d aBR-BrBNAbporcBiblioteca Nacional de Agricultura a(Pt) aE70; E30b0430bG635 aE70 BR74056371 aBurt, B.C.1 aConferencia Internacional AlgodoeiracRio de Janeiro, GB (Brazil)d15 Oct 19221 aO Committee Central Indiano de Algodao [Gossypium spp; Controle de qualidade; Assistencia tecnica]3 aRio de Janeiro, GB (Brasil): c1922.  aAnnaes da Conferencia Internacional Algodoeira Rio de Janeiro, GB (Brasil): 1922. p. 237-245 (BR7405637-AM)E70  aComercializacao aDesenvolvimento agricola aAlgodao aControle de qualidade aAssistencia tecnica aIndia0 tAnnaes da Conferencia Internacional AlgodoeirabwE70 BR7405637gRio de Janeiro, GB (Brasil), 1922. p. 237-245 a202404bLuciac55dLucia Elande cAM2AGRIS c305971d305971 002AGRIS40708Acervo Gerala41918b41918cAgrobasel0o0430 BR7401009r2024-05-20t01yAM10d2024-04-11ePortaria Interministerial nÂș 164/94